000 02653nam a2200457 c 4500
003 BLK
005 20250508133100.0
008 180409b bul|||||r ||||||| ||bul||
010 _aKNG00116731000
040 _aBLK
041 _aBUL
_cBUL
080 _aПаметници на културата на историческите периоди. Археологическите паметници. Старини
_b904
_x(6+53)(0:82-992)
_z904(6+53)(0:82-992)
080 _aРазпространяване на научните знания - популяризиране на науката, занимателна наука, учение за явленията научно необяснени, заблуждения и фалшификации, илюзии и др. п., секретност на научните знания
_b001.9
_x(0:82-992)
_z001.9(0:82-992)
080 _aИстория на цивилизацията. История на културата
_b930.85
_x
_z930.85
100 1 _aЧайлдрес, Дейвид Хатчър
_eпърви автор
_9371311
700 _aБожилов, Венцислав Божидаров
_cТеодосиев, Стефан, 1968- (псевдоним)
_d1968-
_9367877
139 _aЧайлдрес, Дейвид Хатчър
_bЧ 16
245 1 0 _aИзгубените градове и древните загадки на Африка и Арабия
_bПътеводител на учения авантюрист
_cДейвид Хатчър Чайлдрес; прев. Венцислав Божидаров Божилов.
257 _aUSA
260 София
_bБард
_c2004
300 _a576 с.
_bс ил., к.
_c21 см
380 _a9
490 1 _aПоредица Загадки и мистерии
490 1 _3Подсерия
_aСерия Изгубени градове
500 _aОриг. загл. Lost cities ancientof Africa Arabia / David Hatcher Childress. - Библиогр. с. 569-573
504 _a569-573
650 4 _aАрхеологически паметници
_9243363
650 4 _aИзвънземни цивилизации
_9242018
650 4 _aЦивилизации, древни
_9280385
653 _aдревен свят
653 _aдревни цивилизации
653 _aАфрика
653 _aарабска история
653 _aизвънземни цивилизации
852 _aЦб 222075
856 4 _qpdf
_u
856 4 _qpdf
_u
942 _cKNG
_n0
_04
944 _aCR
_c23.12.2004
_k30542
_lРусанова Ирена
944 _aED
_c21.06.2013
_k
999 _c111390
_d111390